[Event "Muensterland Verbandsliga playoff"]
[Site "Germany"]
[Date "2022.05.21"]
[Round "3.3"]
[White "Nuerenberg, Bernd"]
[Black "Kipp, Lucas"]
[Result "1/2-1/2"]
[WhiteElo "1669"]
[BlackElo "1916"]
[PlyCount "38"]
[EventDate "2022.03.19"]
[EventType "team-tourn"]
[EventRounds "3"]
[EventCountry "GER"]
[SourceTitle "EXT 2023"]
[Source "ChessBase"]
[SourceDate "2022.10.05"]
[SourceVersion "1"]
[SourceVersionDate "2022.10.05"]
[SourceQuality "1"]
[WhiteTeam "Nienberge II"]
[BlackTeam "Saerbeck"]
[WhiteTeamCountry "GER"]
[BlackTeamCountry "GER"]

1. d4 d5 2. c4 e6 3. Nc3 c5 4. cxd5 cxd4 5. Qxd4 Nc6 6. Qd1 exd5 7. Nxd5 Qa5+ 8. Nc3 Bf5 9. Bd2 0-0-0 10. e4 Bg6 11. a3 Re8 12. f3 f5 13. b4 Qd8 14. g3 fxe4 15. Bh3+ Kb8 16. Bf4+ Ka8 17. Qxd8+ Rxd8 18. fxe4 Nf6 19. Bg2 Bd6 1/2-1/2

[Event "Muensterland Verbandsklasse 1819"]
[Site "Germany"]
[Date "2019.01.19"]
[Round "5.4"]
[White "Wetterau, Georg"]
[Black "Kipp, Lucas"]
[Result "1/2-1/2"]
[WhiteElo "1804"]
[BlackElo "1908"]
[PlyCount "23"]
[EventDate "2018.09.15"]
[EventType "team-tourn"]
[EventRounds "9"]
[EventCountry "GER"]
[SourceTitle "EXT 2020"]
[Source "ChessBase"]
[SourceDate "2019.10.17"]
[SourceVersion "1"]
[SourceVersionDate "2019.10.17"]
[SourceQuality "1"]
[WhiteTeam "Nienberge II"]
[BlackTeam "Saerbeck"]
[WhiteTeamCountry "GER"]
[BlackTeamCountry "GER"]

1. e4 e6 2. d4 d5 3. Nc3 dxe4 4. Nxe4 Bd7 5. a4 Bc6 6. Bb5 Qd5 7. Qd3 Nd7 8. Bxc6 Qxc6 9. Nf3 Ngf6 10. Nxf6+ gxf6 11. 0-0 0-0-0 12. Qb5 1/2-1/2

[Event "Muensterland Verbandsliga 1718"]
[Site "Germany"]
[Date "2017.11.18"]
[Round "3.3"]
[White "Kipp, Lucas"]
[Black "Schroer, Klaus"]
[Result "1-0"]
[WhiteElo "1878"]
[BlackElo "2000"]
[PlyCount "101"]
[EventDate "2017.09.09"]
[EventType "team-tourn"]
[EventRounds "9"]
[EventCountry "GER"]
[SourceTitle "EXT 2019"]
[Source "ChessBase"]
[SourceDate "2018.10.10"]
[SourceVersion "1"]
[SourceVersionDate "2018.10.10"]
[SourceQuality "1"]
[WhiteTeam "Nienberge II"]
[BlackTeam "Borken"]
[WhiteTeamCountry "GER"]
[BlackTeamCountry "GER"]

1. d4 Nf6 2. Nf3 e6 3. g3 b6 4. Bg2 Bb7 5. 0-0 Be7 6. c4 0-0 7. Nc3 Ne4 8. Nxe4 Bxe4 9. Ne5 Bxg2 10. Kxg2 d6 11. Nf3 a5 12. Qd3 Bf6 13. h4 Nc6 14. Bg5 e5 15. d5 Nb8 16. Qf5 Qd7 17. Qe4 Qe7 18. Bxf6 Qxf6 19. Ng5 Qg6 20. Qxg6 hxg6 21. f4 Nd7 22. f5 gxf5 23. Rxf5 Nc5 24. Raf1 f6 25. Nh3 Ne4 26. h5 g6 27. hxg6 Kg7 28. Nf2 Nd2 29. Rc1 e4 30. Ng4 Kxg6 31. Ne3 a4 32. Rc2 a3 33. Rxd2 axb2 34. Rxb2 Ra3 35. Rb3 Rxa2 36. Rf2 Rfa8 37. Ng4 f5 38. Ne3 R8a4 39. Nxf5 Rxc4 40. g4 Ra5 41. Rh3 Rc1 42. Rh6+ Kg5 43. Rh8 Raa1 44. Ng3 Kg6 45. Rg8+ Kh7 46. Rg5 e3 47. Rf7+ Kh8 48. Nf1 Ra2 49. Rf3 Rxe2+ 50. Kg1 Rxf1+ 51. Kxf1 1-0

[Event "Muensterland Verbandsliga 1011"]
[Site "Germany"]
[Date "2011.02.05"]
[Round "6.2"]
[White "Kipp, Lucas"]
[Black "Pielnik, Rainer"]
[Result "0-1"]
[WhiteElo "1963"]
[BlackElo "2115"]
[PlyCount "92"]
[EventDate "2010.09.25"]
[EventType "team-tourn"]
[EventRounds "9"]
[EventCountry "GER"]
[SourceTitle "EXT 2012"]
[Source "ChessBase"]
[SourceDate "2011.11.24"]
[SourceVersion "1"]
[SourceVersionDate "2011.11.24"]
[SourceQuality "1"]
[WhiteTeam "Saerbeck"]
[BlackTeam "Nienberge"]
[WhiteTeamCountry "GER"]
[BlackTeamCountry "GER"]

1. e4 c5 2. c3 e5 3. Nf3 Nc6 4. Bc4 Nf6 5. Ng5 d5 6. exd5 Nxd5 7. Nxf7 Kxf7 8. Qf3+ Ke6 9. d4 cxd4 10. 0-0 Be7 11. Rd1 Na5 12. b3 Nxc4 13. bxc4 Nf6 14. cxd4 e4 15. Qe3 Kf7 16. Nc3 Re8 17. Nxe4 Nxe4 18. Qxe4 Bf6 19. Qf3 Qe7 20. Bd2 Qe4 21. Qh5+ Qg6 22. Qd5+ Be6 23. Qxb7+ Kg8 24. Be3 Bxc4 25. Rac1 Bxa2 26. d5 Qe4 27. Bxa7 Bxd5 28. Qxd5+ Qxd5 29. Rxd5 Rxa7 30. g3 Ra2 31. Rf5 Ra1 32. Rxa1 Bxa1 33. Kg2 Bd4 34. Rf4 Bb6 35. h4 Rf8 36. Rxf8+ Kxf8 37. g4 Kf7 38. f4 Ke6 39. Kf3 Kd5 40. h5 Bd4 41. g5 g6 42. f5 gxf5 43. Kf4 Ke6 44. g6 hxg6 45. hxg6 Kf6 46. g7 Be5+ 0-1

[Event "Muensterland Verbandsliga 0910"]
[Site "Germany"]
[Date "2009.12.12"]
[Round "4.2"]
[White "Kipp, Lucas"]
[Black "Haselhorst, Helmut"]
[Result "0-1"]
[WhiteElo "1947"]
[BlackElo "2023"]
[PlyCount "106"]
[EventDate "2009.09.26"]
[EventType "team-tourn"]
[EventRounds "9"]
[EventCountry "GER"]
[SourceTitle "EXT 2011"]
[Source "ChessBase"]
[SourceDate "2010.11.26"]
[SourceVersion "1"]
[SourceVersionDate "2010.11.26"]
[SourceQuality "1"]
[WhiteTeam "Saerbeck"]
[BlackTeam "Ostbevern Westbevern"]
[WhiteTeamCountry "GER"]
[BlackTeamCountry "GER"]

1. d4 Nf6 2. c4 g6 3. Nc3 Bg7 4. e4 d6 5. Nf3 0-0 6. Be2 Bg4 7. Be3 Nfd7 8. h3 Bxf3 9. Bxf3 Nc6 10. 0-0 e5 11. d5 Nd4 12. Nb5 Nxf3+ 13. Qxf3 f5 14. exf5 gxf5 15. Rad1 a6 16. Nc3 Qh4 17. Qe2 f4 18. Bd2 f3 19. Qe4 Qe7 20. Qg4 Kh8 21. Ne4 fxg2 22. Kxg2 Nf6 23. Qh4 Nxd5 24. Bg5 Nf4+ 25. Kh2 Qf7 26. b3 Qh5 27. Rg1 Qxh4 28. Bxh4 Ne2 29. Rg4 Rf4 30. Rxf4 Nxf4 31. c5 d5 32. Ng5 c6 33. Nf7+ Kg8 34. Nd6 Rb8 35. Rg1 Ng6 36. Bg3 Kf8 37. Re1 Bf6 38. Nf5 b6 39. cxb6 Rxb6 40. Rc1 Bg5 41. Rc2 Bf4 42. Kg2 Ke8 43. h4 Bxg3 44. fxg3 Ne7 45. Nd6+ Kd7 46. Nf7 e4 47. Ng5 h6 48. Nf7 Nf5 49. Kf2 d4 50. Rc4 Ke6 51. g4 Nxh4 52. Nxh6 Kd5 53. Nf5 Nxf5 0-1

[Event "Muensterland Verbandsliga 0809"]
[Site "Germany"]
[Date "2008.12.13"]
[Round "4.2"]
[White "Kipp, Lucas"]
[Black "Kolakovic, Klaudio"]
[Result "1/2-1/2"]
[WhiteElo "2007"]
[BlackElo "2052"]
[PlyCount "97"]
[EventDate "2008.09.20"]
[EventType "team-tourn"]
[EventRounds "9"]
[EventCountry "GER"]
[SourceTitle "EXT 2010"]
[Source "ChessBase"]
[SourceDate "2010.11.25"]
[SourceVersion "1"]
[SourceVersionDate "2010.11.25"]
[SourceQuality "1"]
[WhiteTeam "Saerbeck"]
[BlackTeam "Stadtlohn"]
[WhiteTeamCountry "GER"]
[BlackTeamCountry "GER"]

1. d4 Nf6 2. Nf3 c5 3. dxc5 e6 4. e3 Bxc5 5. Be2 d5 6. 0-0 Nc6 7. c4 0-0 8. a3 a5 9. Qc2 b6 10. b3 Qe7 11. Bb2 Bb7 12. Nc3 Rfd8 13. Na4 Rac8 14. Nxc5 bxc5 15. Rfd1 Ne4 16. Bd3 f5 17. Rac1 Nb8 18. Ne5 Nd7 19. f3 Nxe5 20. Bxe5 Nf6 21. Qc3 Nd7 22. Bg3 Ra8 23. cxd5 Bxd5 24. Bxf5 a4 25. Bc2 axb3 26. Bxb3 c4 27. Bxc4 Rxa3 28. Qd4 Ra4 29. e4 Bxc4 30. Rxc4 Rxc4 31. Qxc4 Nf8 32. Rxd8 Qxd8 33. h3 Kf7 34. Qc7+ Qxc7 35. Bxc7 Nd7 36. Kf2 Nf6 37. Ke3 Ng8 38. Bd8 Ke8 39. Bh4 Nh6 40. Kd4 Nf7 41. f4 Kd7 42. g4 e5+ 43. Kd5 exf4 44. e5 Ke8 45. e6 Nh8 46. Ke4 Ng6 47. Bg5 f3 48. Kxf3 Nf8 49. Ke4 1/2-1/2